[Event "Women Russian Superfinal 2015"]
[Site "Chita RUS"]
[Date "2015.08.20"]
[Round "11"]
[White "Pogonina, N."]
[Black "Gunina, V."]
[Result "0-1"]
[WhiteElo "2460"]
[BlackElo "2531"]
[PlyCount "112"]
[EventDate "2015.08.09"]

1. e4 c6 2. d4 d5 3. Nc3 dxe4 4. Nxe4 Bf5 5. Ng3 Bg6 6. Nf3 e6 7. Bd3 Nd7 8.
Bxg6 hxg6 9. O-O Bd6 10. c4 Ngf6 11. Bg5 Qa5 12. Qe2 O-O 13. Ne4 Nxe4 14. Qxe4
Rfe8 15. a3 Nf6 16. Qe2 Qf5 17. Rfe1 e5 18. dxe5 Bxe5 19. Nxe5 Qxg5 20. Rad1
Qf5 21. b4 a5 22. h3 axb4 23. axb4 Ra4 24. Qb2 Rea8 25. b5 Ra2 26. Qd4 c5 27.
Qxc5 Ne4 28. Qe3 Nxf2 29. Rd2 Rxd2 30. Qxd2 Ne4 31. Qc2 Nc5 32. Qxf5 gxf5 33.
Rd1 f6 34. Nd7 Ne4 35. c5 Ra2 36. c6 bxc6 37. bxc6 Rc2 38. Nb8 f4 39. h4 Kh7
40. Re1 Ng3 41. Nd7 Rxc6 42. Nf8+ Kh6 43. Ne6 Rc4 44. Kf2 Nf5 45. Rh1 Kh5 46.
Re1 Kg4 47. h5 Kxh5 48. Kf3 Nh4+ 49. Kf2 g5 50. Re2 Kg4 51. Ng7 Nxg2 52. Ne8
Rc6 53. Rb2 Ne3 54. Rd2 Nf5 55. Re2 Ng3 56. Rb2 Ne4+ 0-1

[Event "Women Russian Superfinal 2015"]
[Site "Chita RUS"]
[Date "2015.08.20"]
[Round "11"]
[White "Lagno, Kateryna"]
[Black "Goryachkina, A."]
[Result "1/2-1/2"]
[WhiteElo "2530"]
[BlackElo "2474"]
[PlyCount "189"]
[EventDate "2015.08.09"]

1. c4 c6 2. Nf3 d5 3. g3 Bg4 4. Qb3 Bxf3 5. Qxf3 e6 6. Qb3 Qd7 7. d4 Bd6 8. Bg2
f5 9. Nd2 Nf6 10. c5 Be7 11. Nf3 O-O 12. Bf4 a5 13. O-O Na6 14. Qc2 Nh5 15. e3
Rfe8 16. b3 Nxf4 17. exf4 b6 18. cxb6 Qb7 19. Rfe1 Bf6 20. Ne5 Rac8 21. Qd2
Bxe5 22. Rxe5 Qxb6 23. Rae1 Nc7 24. Rc1 Na6 25. Rce1 Kf7 26. g4 Nc7 27. gxf5
exf5 28. Rxf5+ Kg8 29. Rfe5 Rf8 30. f5 Nb5 31. Rd1 Rf7 32. Qe3 Rcf8 33. Bh3 Nd6
34. Rc1 Ne4 35. Re6 Rf6 36. f3 Nd6 37. Qe5 Nf7 38. Qe3 Nd6 39. Qe5 Nf7 40. Qf4
Nd8 41. Rxf6 Rxf6 42. Qe3 Qb4 43. Bg4 Rf7 44. Re1 Rf8 45. Kf2 Qd6 46. Qe5 Qh6
47. Kg3 Qd2 48. Re2 Qc1 49. Kg2 Qc3 50. Qe3 Qb4 51. Rc2 Rf7 52. Rc5 Kf8 53. Qf4
Rf6 54. Qe3 Rf7 55. Rc2 Kg8 56. Qc3 Re7 57. Kf1 Qb5+ 58. Kg2 Qa6 59. Qd2 Qb5
60. Kf2 Qb8 61. Kg1 Qb6 62. Qf4 Qb4 63. Kg2 Rf7 64. Re2 Rf8 65. h4 a4 66. bxa4
Qxa4 67. f6 gxf6 68. Bf5 Qd1 69. Rd2 Qe1 70. Kh2 Kh8 71. Rg2 Rg8 72. Rxg8+ Kxg8
73. Qg4+ Kf8 74. Bxh7 Qf2+ 75. Kh3 Nf7 76. a4 Qe1 77. Qg2 Qa1 78. Qd2 Qxa4 79.
Bg6 Qa3 80. Qf4 Qd6 81. Kg3 Qe7 82. Bxf7 Kxf7 83. Kf2 c5 84. Qf5 Qd6 85. Qh7+
Kf8 86. dxc5 Qxc5+ 87. Kg2 Qd4 88. Qf5 Qxh4 89. Qxd5 Qe1 90. Qd6+ Kf7 91. Qd7+
Kg6 92. Qg4+ Kf7 93. Qc4+ Kf8 94. Kh3 Qe5 95. Qg4 1/2-1/2

[Event "Women Russian Superfinal 2015"]
[Site "Chita RUS"]
[Date "2015.08.20"]
[Round "11"]
[White "Kovalevskaya, E."]
[Black "Kosteniuk, A."]
[Result "1-0"]
[WhiteElo "2453"]
[BlackElo "2526"]
[PlyCount "79"]
[EventDate "2015.08.09"]

1. e4 e5 2. Nf3 Nc6 3. Nc3 Nf6 4. d4 Bb4 5. Nxe5 O-O 6. Bd3 Nxd4 7. Be3 Ne6 8.
O-O d6 9. Nc4 Bxc3 10. bxc3 Nc5 11. e5 Ng4 12. Bxc5 dxc5 13. h3 Nh6 14. Qh5 Qe8
15. Qg5 Be6 16. Nd2 Qd8 17. Qh5 Bf5 18. Ne4 Bg6 19. Qf3 Qe7 20. Qf4 Rfe8 21.
Rae1 Rad8 22. Nf6+ gxf6 23. Qxh6 Qf8 24. Qxf8+ Kxf8 25. exf6 Re6 26. Rxe6 fxe6
27. Bxg6 hxg6 28. g4 Rd2 29. g5 Rxc2 30. Rd1 Ke8 31. Re1 Kf7 32. Rd1 Ke8 33. h4
Rxc3 34. h5 c4 35. hxg6 Rd3 36. Re1 c3 37. g7 Kf7 38. g6+ Kg8 39. Rxe6 Rd8 40.
Re8+ 1-0

[Event "Women Russian Superfinal 2015"]
[Site "Chita RUS"]
[Date "2015.08.20"]
[Round "11"]
[White "Bodnaruk, A."]
[Black "Girya, O."]
[Result "1/2-1/2"]
[WhiteElo "2431"]
[BlackElo "2487"]
[PlyCount "84"]
[EventDate "2015.08.09"]

1. e4 e5 2. Nf3 Nc6 3. Bc4 Bc5 4. b4 Bxb4 5. c3 Be7 6. d4 d6 7. dxe5 Bg4 8.
exd6 Qxd6 9. O-O Qxd1 10. Rxd1 Nf6 11. h3 Bxf3 12. gxf3 Ne5 13. Bb5+ c6 14. Be2
g5 15. Bxg5 Rg8 16. Kf1 Rxg5 17. f4 Rg7 18. fxe5 Nxe4 19. Bf3 Ng5 20. Bg4 h5
21. Bd7+ Kf8 22. Nd2 Rd8 23. Bf5 Rd5 24. f4 Ne6 25. Be4 Nxf4 26. Bxd5 Nxd5 27.
Re1 Nxc3 28. Ne4 Nxe4 29. Rxe4 Bc5 30. Ke2 Rg3 31. Rf1 Ke8 32. Rf5 b6 33. Rxh5
Rg2+ 34. Kd3 Rxa2 35. e6 Ra3+ 36. Kd2 fxe6 37. Rxe6+ Kd7 38. Rg6 Ra2+ 39. Kd3
Ra3+ 40. Kd2 Ra2+ 41. Kd3 Ra3+ 42. Kd2 Ra2+ 1/2-1/2

[Event "Women Russian Superfinal 2015"]
[Site "Chita RUS"]
[Date "2015.08.20"]
[Round "11"]
[White "Guseva, Marina"]
[Black "Kashlinskaya, A."]
[Result "1-0"]
[WhiteElo "2431"]
[BlackElo "2441"]
[PlyCount "140"]
[EventDate "2015.08.09"]

1. d4 Nf6 2. c4 g6 3. Nc3 d5 4. Nf3 Bg7 5. e3 O-O 6. Bd2 Nc6 7. cxd5 Nxd5 8.
Nxd5 Qxd5 9. Bc3 Rd8 10. Be2 e5 11. dxe5 Qc5 12. Qc1 Qe7 13. O-O Nxe5 14. Rd1
Bf5 15. Nxe5 Bxe5 16. Bxe5 Qxe5 17. Qc3 Qxc3 18. bxc3 a5 19. Kf1 a4 20. a3 Bc2
21. Rxd8+ Rxd8 22. Ke1 Bb3 23. Rb1 c5 24. c4 Kg7 25. Rb2 b5 26. cxb5 c4 27. Rd2
Rb8 28. Rd5 Rc8 29. Rd6 Rc5 30. Rc6 Rxb5 31. Bxc4 Rb7 32. Kd2 Kf8 33. Rc5 h5
34. h4 Kg7 35. g3 Kf6 36. Ba6 Rd7+ 37. Bd3 Rb7 38. e4 Be6 39. Rb5 Rc7 40. Bc2
Rd7+ 41. Ke3 Rc7 42. Kd2 Rd7+ 43. Kc3 Rc7+ 44. Kb2 Rd7 45. Bxa4 Rd2+ 46. Bc2
Rxf2 47. a4 Ke7 48. a5 Bc4 49. Rc5 Bd3 50. Kb3 Bf1 51. Kb4 Kd6 52. Bb3 f6 53.
Rc2 Rf3 54. Rc3 Rf2 55. Bf7 g5 56. hxg5 fxg5 57. Bxh5 Rb2+ 58. Rb3 Rd2 59. Rb1
Bd3 60. Rd1 Rxd1 61. Bxd1 Bxe4 62. Kb5 Kc7 63. Be2 Kb7 64. Kc5 Bf5 65. Kd6 g4
66. Ke5 Bd7 67. Kf4 Be6 68. Bxg4 Bc4 69. Ke3 Ka7 70. Be2 Be6 1-0

[Event "Chinese League (Division A) 2015"]
[Site "China CHN"]
[Date "2015.08.20"]
[Round "12"]
[White "Ju, Wenjun"]
[Black "Ning, Chunhong"]
[Result "1-0"]
[WhiteElo "2557"]
[BlackElo "2292"]
[PlyCount "69"]
[EventDate "2015.04.10"]
[WhiteTeam "Shanghai"]
[BlackTeam "Tianjing"]

1. c4 c5 2. Nf3 Nc6 3. Nc3 g6 4. e3 Nf6 5. d4 cxd4 6. exd4 d5 7. cxd5 Nxd5 8.
Qb3 Nxc3 9. Bc4 Nd5 10. Bxd5 e6 11. Bxc6+ bxc6 12. O-O Bg7 13. Bf4 O-O 14. Rfc1
Bxd4 15. Nxd4 Qxd4 16. Bh6 Re8 17. Qf3 Rb8 18. Rc2 c5 19. Rd1 Bb7 20. Rxd4 Bxf3
21. Rxc5 Bd5 22. b3 a6 23. h3 Rb5 24. Rc7 e5 25. Ra4 Bb7 26. Rd7 Bc8 27. Ra7
Rb6 28. Rc4 Be6 29. Rc5 Bf5 30. Rxe5 Rd8 31. Ra5 Bc8 32. Ra8 Rc6 33. Re5 Rc2
34. Re7 Rc6 35. b4 1-0

[Event "Chinese League (Division A) 2015"]
[Site "China CHN"]
[Date "2015.08.20"]
[Round "12"]
[White "Zhang, Xiaowen"]
[Black "Khotenashvili, Bela"]
[Result "1-0"]
[WhiteElo "2349"]
[BlackElo "2513"]
[PlyCount "95"]
[EventDate "2015.04.10"]
[WhiteTeam "Shanghai"]
[BlackTeam "Tianjing"]

1. e4 e5 2. Nf3 Nc6 3. Nc3 Nf6 4. d4 exd4 5. Nxd4 Bb4 6. Nxc6 bxc6 7. Bd3 O-O
8. O-O Qe7 9. Bg5 h6 10. Bh4 d6 11. f4 Qe6 12. Qf3 Rb8 13. Kh1 Bxc3 14. bxc3 c5
15. Bxf6 Qxf6 16. e5 Qh4 17. Qe4 g6 18. Qa4 a6 19. Rae1 Rb6 20. Re3 d5 21. c4
d4 22. Rg3 Qe7 23. Qa3 h5 24. Be4 h4 25. Rg5 f5 26. Bd5+ Kg7 27. Qh3 Rh8 28. g3
hxg3 29. Qxg3 Rh6 30. Rg1 Bd7 31. e6 Rxe6 32. Rxf5 Re2 33. Rh5 Bf5 34. Rxh6
Kxh6 35. Bg2 Bxc2 36. Bf3 Re3 37. Qh3+ Kg7 38. f5 g5 39. Qh5 Rxf3 40. Rxg5+
Qxg5 41. Qxg5+ Kf8 42. Qd8+ Kg7 43. Qxc7+ Kf6 44. Qc6+ Ke5 45. Qxc5+ Ke4 46.
Qe7+ Kd3 47. f6 Kc3 48. Qa3+ 1-0

[Event "Chinese League (Division A) 2015"]
[Site "China CHN"]
[Date "2015.08.20"]
[Round "12"]
[White "Zhao, Xue"]
[Black "Ren, Xiaoyi"]
[Result "1-0"]
[WhiteElo "2527"]
[BlackElo "2211"]
[PlyCount "83"]
[EventDate "2015.04.10"]
[WhiteTeam "Beijing"]
[BlackTeam "Chengdu"]

1. c4 Nf6 2. g3 c6 3. Bg2 d5 4. Qb3 dxc4 5. Qxc4 e5 6. Nf3 Bd6 7. b3 Be6 8. Qc2
Na6 9. Bb2 Nb4 10. Qc1 Bf5 11. O-O Qe7 12. a3 Nbd5 13. d3 Bg4 14. Nbd2 Nb6 15.
h3 Bd7 16. e4 c5 17. Qc3 Bb5 18. a4 Ba6 19. Nh4 g6 20. f4 Nbd7 21. Nhf3 Nh5 22.
fxe5 Bc7 23. b4 Nxg3 24. Rf2 Nxe5 25. b5 f6 26. bxa6 O-O-O 27. Qb3 Nxd3 28.
Qxb7+ Kd7 29. Qb5+ Kc8 30. Ba3 Bb6 31. a5 Bc7 32. Nb3 Nxf2 33. Nxc5 Bf4 34.
Qc6+ Qc7 35. Qe6+ Kb8 36. Kxf2 Rhe8 37. Qb3+ Kc8 38. Ra2 Rd6 39. Rc2 Rc6 40.
Nd4 Be5 41. Nxc6 Qxc6 42. Ne6 1-0

[Event "Chinese League (Division A) 2015"]
[Site "China CHN"]
[Date "2015.08.20"]
[Round "12"]
[White "Tan, Zhongyi"]
[Black "Wang, Doudou"]
[Result "1-0"]
[WhiteElo "2487"]
[BlackElo "2205"]
[PlyCount "59"]
[EventDate "2015.04.10"]
[WhiteTeam "Chongqing"]
[BlackTeam "Heibei"]

1. Nf3 d5 2. g3 Nf6 3. Bg2 c5 4. O-O Nc6 5. d4 cxd4 6. Nxd4 Bd7 7. c4 e5 8.
Nxc6 Bxc6 9. Bg5 d4 10. e3 Bc5 11. Bxc6+ bxc6 12. Qa4 Qd6 13. b4 Bxb4 14. exd4
exd4 15. a3 Bc5 16. Re1+ Kf8 17. Nd2 Rc8 18. Nb3 Bb6 19. c5 Bxc5 20. Bf4 Qd5
21. Re5 Qf3 22. Rxc5 Ne4 23. Rc2 Nc3 24. Qa6 Rd8 25. Re1 Nb5 26. Qb7 Kg8 27.
Rxc6 h5 28. Qxb5 h4 29. Nd2 Qg4 30. Qg5 1-0

[Event "Chinese League (Division A) 2015"]
[Site "China CHN"]
[Date "2015.08.21"]
[Round "13"]
[White "Khotenashvili, Bela"]
[Black "Wang, Jue"]
[Result "1-0"]
[WhiteElo "2513"]
[BlackElo "2365"]
[PlyCount "87"]
[EventDate "2015.04.10"]
[WhiteTeam "Tianjing"]
[BlackTeam "Beijing"]

1. e4 c5 2. Nc3 e6 3. f4 a6 4. Nf3 d5 5. g3 Nc6 6. d3 Nf6 7. e5 Nd7 8. Bg2 b5
9. O-O Be7 10. h4 b4 11. Ne2 g6 12. a3 h5 13. Be3 Rb8 14. axb4 Nxb4 15. c3 Nc6
16. Ra2 a5 17. Qd2 Ba6 18. Rfa1 Qc8 19. Qd1 Rb6 20. b3 Rb7 21. Bf2 Qb8 22. Nc1
Nb6 23. Ng5 Rd7 24. Ne2 Bb7 25. Qb1 Ba6 26. Kh2 Rc7 27. c4 Bc8 28. Nc3 Bxg5 29.
hxg5 Rd7 30. Nb5 Nd4 31. Nxd4 cxd4 32. c5 Na8 33. Rxa5 Nc7 34. c6 Rd8 35. Bxd4
h4 36. b4 Nb5 37. Bc5 d4 38. Rxb5 Qxb5 39. Ra5 Qb8 40. b5 Rd5 41. b6 hxg3+ 42.
Kxg3 Rxe5 43. c7 Re3+ 44. Kf2 1-0

[Event "Chinese League (Division A) 2015"]
[Site "China CHN"]
[Date "2015.08.21"]
[Round "13"]
[White "Ni, Shiqun"]
[Black "Zhao, Xue"]
[Result "1-0"]
[WhiteElo "2315"]
[BlackElo "2527"]
[PlyCount "159"]
[EventDate "2015.04.10"]
[WhiteTeam "Tianjing"]
[BlackTeam "Beijing"]

1. e4 Nf6 2. e5 Nd5 3. d4 d6 4. c4 Nb6 5. exd6 exd6 6. Nc3 Be7 7. Bd3 Nc6 8.
Nge2 Bg4 9. f3 Bh5 10. O-O Bg6 11. b3 O-O 12. Bxg6 hxg6 13. d5 Ne5 14. Be3 Re8
15. Bd4 Bf8 16. Qd2 Nbd7 17. Ne4 a5 18. N2c3 a4 19. Rae1 axb3 20. axb3 c6 21.
h3 f6 22. Bf2 Nc5 23. Nxc5 dxc5 24. f4 Nf7 25. Rxe8 Qxe8 26. Na4 b5 27. cxb5
cxb5 28. Nxc5 Ra3 29. Rd1 Qa8 30. Qd3 Ra1 31. Ne6 Rxd1+ 32. Qxd1 Bd6 33. Qd3
Nd8 34. Qxb5 Nxe6 35. dxe6 Qe4 36. Qc4 Qxc4 37. bxc4 Kf8 38. g4 f5 39. Bd4 Ke7
40. gxf5 gxf5 41. Bxg7 Bxf4 42. Bd4 Kxe6 43. Kf2 Kf7 44. Kf3 Bc7 45. Be3 Kg6
46. Bf4 Bb6 47. Bd6 Ba5 48. c5 Bb4 49. Bf8 Ba5 50. Kf4 Bd2+ 51. Kf3 Kf7 52. c6
Ke6 53. c7 Kd7 54. Bd6 Bg5 55. Kg3 Bh6 56. h4 Be3 57. h5 Bh6 58. Bf4 Bg7 59.
Kf3 Kc8 60. Ke3 Kd7 61. Kd3 Bf8 62. Kc4 Kc8 63. Kd5 Kd7 64. Kd4 Kc8 65. Be5 Kd7
66. Ke3 Bh6+ 67. Kd3 Bf8 68. Bf4 Bg7 69. Kc2 Kc8 70. Kb3 Bf8 71. Kc3 Kd7 72.
Kd4 Kc8 73. Ke5 Kxc7 74. Kxf5+ Kd7 75. Kf6 Ke8 76. Be3 Be7+ 77. Kg7 Ba3 78. Kg8
Ke7 79. h6 Bb2 80. h7 1-0

[Event "Chinese League (Division A) 2015"]
[Site "China CHN"]
[Date "2015.08.21"]
[Round "13"]
[White "Ren, Xiaoyi"]
[Black "Tan, Zhongyi"]
[Result "1/2-1/2"]
[WhiteElo "2211"]
[BlackElo "2487"]
[PlyCount "87"]
[EventDate "2015.04.10"]
[WhiteTeam "Chengdu"]
[BlackTeam "Chongqing"]

1. d4 Nf6 2. c4 e6 3. Nf3 d5 4. Bg5 Bb4+ 5. Nc3 Nbd7 6. e3 c5 7. Bd3 cxd4 8.
exd4 dxc4 9. Bxc4 Qc7 10. Qd3 b6 11. O-O Bxc3 12. bxc3 O-O 13. Rfe1 Bb7 14. Bb3
Rac8 15. Rac1 Rfe8 16. Ba4 Qc4 17. Qxc4 Rxc4 18. Bb5 Rc7 19. Ne5 Nxe5 20. dxe5
Nd7 21. Red1 Bc8 22. Rd6 h6 23. Be3 Rf8 24. f4 Nc5 25. Bxc5 Rxc5 26. a4 Bb7 27.
Rd7 Rb8 28. Rcd1 Bd5 29. Rd3 Ra8 30. Ba6 Ra5 31. Bb7 Bxb7 32. Rxb7 Rxa4 33. g3
g5 34. Rdd7 Rf8 35. f5 exf5 36. e6 Re4 37. exf7+ Kg7 38. Rxa7 f4 39. gxf4 Rxf4
40. Rd6 b5 41. Raa6 Rh4 42. Rg6+ Kxf7 43. Raf6+ Ke7 44. Re6+ 1/2-1/2

[Event "Chinese League (Division A) 2015"]
[Site "China CHN"]
[Date "2015.08.21"]
[Round "13"]
[White "Li, Xueyi"]
[Black "Ju, Wenjun"]
[Result "0-1"]
[WhiteElo "2190"]
[BlackElo "2557"]
[PlyCount "148"]
[EventDate "2015.04.10"]
[WhiteTeam "Guangdong"]
[BlackTeam "Shanghai"]

1. d4 Nf6 2. c4 e6 3. Nc3 Bb4 4. e3 b6 5. Nge2 c5 6. a3 Ba5 7. Rb1 Na6 8. Bd2
O-O 9. dxc5 bxc5 10. Ng3 Bb7 11. Nb5 d5 12. cxd5 Bxd2+ 13. Qxd2 exd5 14. Be2
Nc7 15. Nxc7 Qxc7 16. O-O a5 17. b3 Rfd8 18. Rfc1 Qb6 19. Bf3 Rac8 20. h3 g6
21. Rd1 Ba6 22. b4 cxb4 23. axb4 Ne4 24. Bxe4 dxe4 25. Qb2 Rxd1+ 26. Rxd1 Qxb4
27. Qxb4 axb4 28. Nxe4 b3 29. Rb1 Rb8 30. Rb2 Bc4 31. Nd2 Bd5 32. e4 Be6 33.
Kf1 Rc8 34. Rb1 Rc3 35. Ke1 Kg7 36. Kd1 Kf6 37. Rc1 Rd3 38. Ke2 Rd6 39. Rb1 Rb6
40. Kd3 Ke5 41. Rb2 g5 42. Kc3 Rc6+ 43. Kd3 Rb6 44. Kc3 Rb8 45. Kd3 Kf4 46. g3+
Ke5 47. Ke3 f6 48. Nf3+ Kd6 49. Nd4 Bf7 50. Kd3 Kc5 51. Kc3 Rb4 52. Ne2 Kb5 53.
Rb1 Rxe4 54. Nd4+ Kc5 55. Nxb3+ Bxb3 56. Rxb3 Re2 57. Kd3 Rxf2 58. Ke4 h5 59.
h4 g4 60. Ra3 Kd6 61. Ra6+ Ke7 62. Ra5 Ke6 63. Ra6+ Kf7 64. Ra7+ Kg6 65. Ra3
Re2+ 66. Kf4 Rf2+ 67. Ke4 f5+ 68. Ke5 Re2+ 69. Kd4 Kf6 70. Ra6+ Re6 71. Ra3 f4
72. gxf4 Kf5 73. Ra5+ Kxf4 74. Rxh5 g3 0-1

[Event "Chinese League (Division A) 2015"]
[Site "China CHN"]
[Date "2015.08.22"]
[Round "14"]
[White "Tan, Zhongyi"]
[Black "Khotenashvili, Bela"]
[Result "1-0"]
[WhiteElo "2487"]
[BlackElo "2513"]
[PlyCount "69"]
[EventDate "2015.04.10"]
[WhiteTeam "Chongqing"]
[BlackTeam "Tianjing"]

1. d4 c5 2. d5 g6 3. e4 Bg7 4. c4 d6 5. Bd3 e6 6. Nc3 Ne7 7. Bg5 h6 8. Be3 exd5
9. cxd5 Nd7 10. Nf3 a6 11. a4 O-O 12. Qd2 g5 13. h4 g4 14. Nh2 Ne5 15. Be2 Kh7
16. f3 gxf3 17. gxf3 f5 18. O-O-O b5 19. Rdg1 Rf7 20. f4 Nc4 21. Bxc4 bxc4 22.
e5 Bb7 23. Nf3 dxe5 24. Ng5+ hxg5 25. hxg5+ Kg8 26. g6 Rf6 27. fxe5 Rxg6 28.
Qh2 Rxg1+ 29. Rxg1 f4 30. Bxf4 Bxd5 31. Bg5 Bf7 32. Bf6 Qd3 33. Rxg7+ Kf8 34.
Qh8+ Ng8 35. Rxg8+ 1-0

[Event "Chinese League (Division A) 2015"]
[Site "China CHN"]
[Date "2015.08.22"]
[Round "14"]
[White "Ju, Wenjun"]
[Black "Guo, Qi"]
[Result "1/2-1/2"]
[WhiteElo "2557"]
[BlackElo "2443"]
[PlyCount "86"]
[EventDate "2015.04.10"]
[WhiteTeam "Shanghai"]
[BlackTeam "Jiangsu"]

1. d4 d5 2. c4 e6 3. Nf3 Nf6 4. g3 dxc4 5. Bg2 c5 6. O-O Nc6 7. dxc5 Qxd1 8.
Rxd1 Bxc5 9. Nbd2 c3 10. bxc3 O-O 11. Nb3 Be7 12. c4 Bd7 13. Bb2 Rfd8 14. Nfd4
Rac8 15. Nb5 b6 16. Nd6 Bxd6 17. Rxd6 Be8 18. Rxd8 Rxd8 19. h3 h6 20. Rc1 Nb4
21. a3 Na6 22. c5 Ba4 23. cxb6 axb6 24. Bb7 Nb8 25. Nd4 Nfd7 26. Rc7 Nc5 27.
Bg2 Bd7 28. f4 Rc8 29. Rxc8+ Bxc8 30. Kf2 Kf8 31. Ke3 f6 32. g4 Ke7 33. Bc3 Bd7
34. h4 Nba6 35. Nc6+ Kd6 36. Nb4 Nc7 37. g5 hxg5 38. hxg5 e5 39. fxe5+ fxe5 40.
Nd3 Nxd3 41. Kxd3 Bb5+ 42. Ke3 Nd5+ 43. Bxd5 Kxd5 1/2-1/2

[Event "Chinese League (Division A) 2015"]
[Site "China CHN"]
[Date "2015.08.22"]
[Round "14"]
[White "Zhao, Xue"]
[Black "Li, Xueyi"]
[Result "1-0"]
[WhiteElo "2527"]
[BlackElo "2190"]
[PlyCount "109"]
[EventDate "2015.04.10"]
[WhiteTeam "Beijing"]
[BlackTeam "Guangdong"]

1. c4 c6 2. Nf3 d5 3. b3 Nf6 4. Bb2 e6 5. g3 Nbd7 6. Bg2 Bd6 7. Nc3 O-O 8. O-O
Qe7 9. Qc2 b6 10. d4 Bb7 11. e4 Nxe4 12. Nxe4 dxe4 13. Qxe4 Nf6 14. Qc2 h6 15.
Rfe1 Rfd8 16. Rac1 Bb4 17. Re2 Rac8 18. Ne5 Ba3 19. c5 Bxb2 20. Qxb2 Nd7 21.
Nf3 Nf6 22. b4 Ba6 23. Ree1 Nd5 24. Qa3 Qb7 25. Ne5 bxc5 26. dxc5 Bb5 27. Bh3
Rf8 28. Rb1 Ra8 29. Qb3 Qa6 30. Bf1 Bxf1 31. Rxf1 Rab8 32. a3 Qb7 33. Nc4 Qe7
34. Rfe1 Qf6 35. Ne5 Qf5 36. Nxc6 Rb7 37. Rbd1 Qh3 38. Qf3 Rc7 39. Ne5 a5 40.
Re4 g5 41. Rc4 axb4 42. axb4 f6 43. Nd3 f5 44. Ne5 f4 45. g4 Qxf3 46. Nxf3 Rb8
47. Rb1 Nb6 48. Rcc1 Nd7 49. c6 Nf6 50. h3 Nd5 51. b5 Kf7 52. Ne5+ Ke7 53. Rb3
Nb6 54. Nd3 Nd5 55. Nc5 1-0

[Event "Chinese League (Division A) 2015"]
[Site "China CHN"]
[Date "2015.08.23"]
[Round "15"]
[White "Khotenashvili, Bela"]
[Black "Zhai, Mo"]
[Result "0-1"]
[WhiteElo "2513"]
[BlackElo "2324"]
[PlyCount "86"]
[EventDate "2015.04.10"]
[WhiteTeam "Tianjing"]
[BlackTeam "Heibei"]

1. Nf3 Nf6 2. g3 d5 3. Bg2 e6 4. O-O Be7 5. d3 c5 6. Nbd2 Nc6 7. e4 O-O 8. Re1
b5 9. a4 b4 10. exd5 exd5 11. h3 h6 12. g4 Qc7 13. Nf1 Bd6 14. Ne3 Bf4 15. d4
c4 16. c3 Rb8 17. Nh4 Be6 18. Qf3 Na5 19. Nef5 Bxc1 20. Raxc1 Ne4 21. Qe3 Rfe8
22. cxb4 Rxb4 23. Bxe4 Bxf5 24. Qd2 Bxe4 25. Qxb4 Rb8 26. Qc5 Qd8 27. Rxe4 Nb3
28. Qxa7 dxe4 29. Rxc4 e3 30. fxe3 Ra8 31. Qc7 Qxh4 32. Kg2 Qe1 33. Qc6 Rf8 34.
Rc3 Nd2 35. a5 Qf1+ 36. Kg3 f5 37. Rc1 f4+ 38. exf4 Qxf4+ 39. Kg2 Ne4 40. Qc4+
Kh8 41. Rf1 Qg3+ 42. Kh1 Nf2+ 43. Rxf2 Rxf2 0-1

[Event "Chinese League (Division A) 2015"]
[Site "China CHN"]
[Date "2015.08.23"]
[Round "15"]
[White "Li, Xueyi"]
[Black "Tan, Zhongyi"]
[Result "1/2-1/2"]
[WhiteElo "2190"]
[BlackElo "2487"]
[PlyCount "97"]
[EventDate "2015.04.10"]
[WhiteTeam "Guangdong"]
[BlackTeam "Chongqing"]

1. d4 d6 2. Nf3 Bg4 3. c4 Nd7 4. Nc3 e5 5. e3 Ngf6 6. Be2 c6 7. O-O Be7 8. b4
O-O 9. h3 Bh5 10. a4 exd4 11. exd4 d5 12. c5 Ne4 13. Bb2 f5 14. Na2 Bf6 15. Qc2
Re8 16. Nc1 Qe7 17. Bd1 Nf8 18. Nd3 Bxf3 19. Bxf3 Ne6 20. Ne5 Nxd4 21. Bxd4
Bxe5 22. Bxe5 Qxe5 23. b5 Rac8 24. Rab1 Re7 25. Rfc1 Qd4 26. bxc6 Rxc6 27. Rd1
Qxc5 28. Bxe4 fxe4 29. Qd2 Rf7 30. Rb5 Qc2 31. Rxd5 h6 32. Rd8+ Kh7 33. Rd4 Rc4
34. a5 Qxd2 35. R1xd2 Rxd4 36. Rxd4 Re7 37. Rb4 Kg6 38. Kf1 Kf6 39. Ke2 Ke5 40.
Ke3 Kd5 41. g4 Kc5 42. Rxe4 Rxe4+ 43. Kxe4 b5 44. axb6 axb6 45. f4 b5 46. Kd3
Kd5 47. h4 b4 48. h5 b3 49. g5 1/2-1/2

[Event "Chinese League (Division A) 2015"]
[Site "China CHN"]
[Date "2015.08.23"]
[Round "15"]
[White "Ding, Yixin"]
[Black "Ju, Wenjun"]
[Result "1/2-1/2"]
[WhiteElo "2434"]
[BlackElo "2557"]
[PlyCount "192"]
[EventDate "2015.04.10"]
[WhiteTeam "Zhejiang"]
[BlackTeam "Shanghai"]

1. e4 c5 2. Nf3 d6 3. d4 cxd4 4. Qxd4 Nc6 5. Bb5 Bd7 6. Bxc6 Bxc6 7. Nc3 Nf6 8.
Bg5 e6 9. O-O-O Be7 10. Qd3 Qa5 11. h4 h6 12. Bd2 Qa6 13. Qxa6 bxa6 14. Rhe1 e5
15. Kb1 O-O 16. Bc1 Rfc8 17. Nh2 Rab8 18. Nf1 Ba8 19. Rd3 Ng4 20. Re2 Bxh4 21.
g3 Be7 22. f3 Nf6 23. Ne3 g6 24. Ned5 Bxd5 25. Nxd5 Nxd5 26. exd5 Bg5 27. Bxg5
hxg5 28. Ra3 Rb6 29. Kc1 f5 30. Ree3 f4 31. Re4 Kf7 32. g4 Rh8 33. b4 Rh1+ 34.
Kd2 Rh2+ 35. Kc1 Rh1+ 36. Kd2 Rb5 37. Rd3 a5 38. a3 axb4 39. axb4 a5 40. bxa5
Rxa5 41. Rc4 Rh2+ 42. Kc1 Rc5 43. Rxc5 dxc5 44. Ra3 c4 45. Ra7+ Kf6 46. Ra6+
Kf7 47. Ra7+ Ke8 48. Rc7 e4 49. Rxc4 exf3 50. Re4+ Kd7 51. Kd1 Rh1+ 52. Re1 Rh4
53. Rf1 Kd6 54. c4 Rxg4 55. Rxf3 Rg2 56. Ra3 g4 57. Ra6+ Ke5 58. Rxg6 f3 59.
Ke1 g3 60. Kf1 Kf4 61. Rf6+ Ke3 62. Re6+ Kd4 63. Rf6 Ke3 64. Re6+ Kd2 65. Rg6
Rf2+ 66. Kg1 Rg2+ 67. Kf1 Ke3 68. Re6+ Kd4 69. Rf6 Ke4 70. Rg6 Kf4 71. Rf6+ Kg4
72. Rg6+ Kh4 73. Rf6 Rf2+ 74. Kg1 Kg4 75. Rg6+ Kh4 76. Rf6 Kg4 77. Rg6+ Kf4 78.
Rf6+ Ke4 79. Rg6 Rg2+ 80. Kf1 Rc2 81. Rxg3 Ke3 82. Kg1 Rc1+ 83. Kh2 Kf4 84. Rg1
Rc2+ 85. Kh3 f2 86. Ra1 Re2 87. Rf1 Kf3 88. Kh4 Re1 89. Rxf2+ Kxf2 90. Kg5 Ke3
91. Kf6 Kd4 92. d6 Kxc4 93. d7 Rd1 94. Ke7 Kc5 95. d8=Q Rxd8 96. Kxd8 Kd5
1/2-1/2

[Event "Abu Dhabi Open 2015"]
[Site "Abu Dhabi UAE"]
[Date "2015.08.24"]
[Round "2"]
[White "Harika, Dronavalli"]
[Black "Jones, Gawain C B"]
[Result "1/2-1/2"]
[WhiteElo "2509"]
[BlackElo "2647"]
[PlyCount "48"]
[EventDate "2015.08.23"]

1. e4 e5 2. Nc3 Nf6 3. g3 d5 4. exd5 Nxd5 5. Bg2 Nxc3 6. bxc3 Bd6 7. Nf3 O-O 8.
O-O c5 9. d4 Nc6 10. dxe5 Nxe5 11. Nxe5 Bxe5 12. Be3 Bxc3 13. Qxd8 Rxd8 14.
Rab1 Be6 15. Rxb7 Bxa2 16. Rc7 Bd5 17. Rxc5 Bxg2 18. Kxg2 Bb4 19. Rc4 a5 20. c3
Be7 21. Ra1 Rdb8 22. Rca4 Bf6 23. Rxa5 Rxa5 24. Rxa5 Bxc3 1/2-1/2

[Event "Abu Dhabi Open 2015"]
[Site "Abu Dhabi UAE"]
[Date "2015.08.25"]
[Round "3"]
[White "Onischuk, Vladimir"]
[Black "Harika, Dronavalli"]
[Result "1-0"]
[WhiteElo "2618"]
[BlackElo "2509"]
[PlyCount "61"]
[EventDate "2015.08.23"]

1. e4 e6 2. d4 d5 3. Bd3 dxe4 4. Bxe4 Nf6 5. Bf3 c5 6. Ne2 Nc6 7. Be3 cxd4 8.
Nxd4 Ne5 9. Nc3 Be7 10. Qe2 Nxf3+ 11. Qxf3 O-O 12. O-O-O Bd7 13. g4 Qa5 14. g5
Nd5 15. Nf5 Nxc3 16. Nxe7+ Kh8 17. Bd2 Nxa2+ 18. Kb1 Qd8 19. Bf4 Qxe7 20. Bd6
Qe8 21. Rhe1 Rg8 22. Rd4 Bc6 23. Qh5 f6 24. g6 h6 25. Bf4 e5 26. Bxh6 Bf3 27.
Bxg7+ Kxg7 28. Qh7+ Kf8 29. Rd7 Qxd7 30. Qxd7 Rxg6 31. Qf5 1-0

[Event "Abu Dhabi Open 2015"]
[Site "Abu Dhabi UAE"]
[Date "2015.08.25"]
[Round "4"]
[White "Harika, Dronavalli"]
[Black "Saleh, Nabil"]
[Result "1-0"]
[WhiteElo "2509"]
[BlackElo "2249"]
[PlyCount "71"]
[EventDate "2015.08.23"]

1. c4 c6 2. Nf3 d5 3. e3 Nf6 4. Nc3 a6 5. d4 e6 6. c5 Nbd7 7. Qc2 Be7 8. Bd3
Qc7 9. b4 e5 10. dxe5 Nxe5 11. Nxe5 Qxe5 12. Bb2 Qg5 13. O-O O-O 14. Rae1 Re8
15. e4 dxe4 16. Nxe4 Nxe4 17. Rxe4 Be6 18. Re5 Qh4 19. g3 Qh3 20. Rfe1 Rad8 21.
Qe2 Bf6 22. Bf5 Bxe5 23. Bxh3 Bxb2 24. Bxe6 Rxe6 25. Rd1 Bd4 26. Qg4 h5 27.
Qxh5 Rd5 28. Qg4 Rg6 29. Qc8+ Kh7 30. Kg2 Rf6 31. Rd2 Bc3 32. Rxd5 cxd5 33.
Qxb7 d4 34. c6 d3 35. c7 d2 36. Qd5 1-0